| 000 | 00643nam a22001817a 4500 | ||
|---|---|---|---|
| 999 |
_c6399 _d6399 |
||
| 001 | 11730 | ||
| 003 | BD-DhUAP | ||
| 005 | 20201230153011.0 | ||
| 008 | 201230s2008 ii ||||| |||| 00| 0 eng d | ||
| 040 |
_aBD-DhUAP _bEng _cBD-DhUAP _dBD-DhUAP |
||
| 082 |
_223 _a345.05 TRI |
||
| 100 | _aTripathi, H. P. | ||
| 245 |
_aQuestions and answers on criminal procedure code, 1973 : _balongwith juvenile justice (care & protection of children) act, 2000 and probation of offenders act, 1958 / _cH. P. Tripathi. |
||
| 260 |
_aAllahabad : _bCentral Law Agency, _cc2008. |
||
| 300 |
_avarious pages ; _c18 cm. |
||
| 650 | _aCriminal procedure. | ||
| 942 |
_2ddc _cBK |
||